"Kriminologie als Akteurin und Kritikerin gesellschaftlicher Entwicklung: über das Verhältnis der Wissenschaft zur Sicherheit und ihren Verwaltern" : Bericht über die gemeinsame Tagung der Gesellschaft für interdisziplinäre wissenschaftliche Kriminologie (GIWK) und des Instituts für Rechts- und Kriminalsoziologie (Wien) vom 13. bis 15. März 2003 in Wien

Guardado en:  
Detalles Bibliográficos
Autor principal: Klimke, Daniela 1970- (Autor)
Tipo de documento: Print Artículo
Lenguaje:Alemán
Publicado: 2003
En: Kriminologisches Journal
Año: 2003, Volumen: 35, Número: 2, Páginas: 141-144
Verificar disponibilidad: HBZ Gateway

MARC

LEADER 00000naa a2200000 c 4500
001 1941699782
003 DE-627
005 20251120114328.0
007 tu
008 251120s2003 xx ||||| 00| ||ger c
035 |a (DE-627)1941699782 
035 |a (DE-599)KXP1941699782 
040 |a DE-627  |b ger  |c DE-627  |e rda 
041 |a ger 
084 |a 2,1  |2 ssgn 
100 1 |a Klimke, Daniela  |d 1970-  |e VerfasserIn  |0 (DE-588)134009754  |0 (DE-627)559474008  |0 (DE-576)185183042  |4 aut 
109 |a Klimke, Daniela 1970- 
245 1 0 |a "Kriminologie als Akteurin und Kritikerin gesellschaftlicher Entwicklung  |b über das Verhältnis der Wissenschaft zur Sicherheit und ihren Verwaltern" : Bericht über die gemeinsame Tagung der Gesellschaft für interdisziplinäre wissenschaftliche Kriminologie (GIWK) und des Instituts für Rechts- und Kriminalsoziologie (Wien) vom 13. bis 15. März 2003 in Wien  |c Daniela Klimke 
264 1 |c 2003 
336 |a Text  |b txt  |2 rdacontent 
337 |a ohne Hilfsmittel zu benutzen  |b n  |2 rdamedia 
338 |a Band  |b nc  |2 rdacarrier 
773 0 8 |i Enthalten in  |t Kriminologisches Journal  |d Weinheim : Beltz Juventa, 1969  |g 35(2003), 2, Seite 141-144  |w (DE-627)130092207  |w (DE-600)500591-7  |w (DE-576)018208223  |x 0341-1966  |7 nnas 
773 1 8 |g volume:35  |g year:2003  |g number:2  |g pages:141-144 
951 |a AR 
ELC |b 1 
LOK |0 000 xxxxxcx a22 zn 4500 
LOK |0 001 4809290085 
LOK |0 003 DE-627 
LOK |0 004 1941699782 
LOK |0 005 20251120114328 
LOK |0 008 251120||||||||||||||||ger||||||| 
LOK |0 040   |a DE-2619  |c DE-627  |d DE-2619 
LOK |0 092   |o n 
LOK |0 852   |a DE-2619 
LOK |0 852 1  |9 00 
LOK |0 939   |a 20-11-25  |b l01 
ORI |a SA-MARC-krimdoka001.raw